000 00826nam a2200217Ia 4500
005 20241129111345.0
008 241129s9999||||xx |||||||||||||| ||und||
020 _a978-93-85539-42-8
037 _aTB
040 _aCRL
_bhin
_cCRL
041 _ahin
_2hin
084 _aR635x1,1 152R2
_qCRL
100 _aपतंजलिमुनि, ले.
245 0 _aपातन्जलयोगदर्शन: व्यासभाष्य हिन्दी अनुवाद एवं व्याख्या
_cपतंजलिमुनि, ले.
260 _aदिल्ली, भारत
_bविद्यानिधि प्रकाशन
_c2022
300 _a425पृ0
365 _aINR
_b995
650 _aIndian Philosophy
942 _cTB
_hR635x1,1 152R2
999 _c1230086
_d1230086